| 000 | 00612nam a2200193 i 4500 | ||
|---|---|---|---|
| 001 | 74717 | ||
| 003 | ES-MaACL | ||
| 005 | 20230906172225.0 | ||
| 007 | t| | ||
| 008 | 040920s1983 sp ||||1| spa d | ||
| 100 | 1 |
_aGonzález Ruiz, José María. _958943 |
|
| 245 | 1 | 0 |
_aMateo _b: el judaísmo se realiza en el cristianismo / _cJosé María González Ruiz. |
| 260 |
_aMadrid : _bHoac, _c[1983] |
||
| 300 |
_a59 p. ; _c21 cm. |
||
| 490 | 1 | _aBiblia y Militancia. Nuevo testamento | |
| 830 | 0 |
_aBiblia y Militancia. Nuevo testamento _9231225 |
|
| 852 |
_aES-MaACL _jL-5680 _bR.105692 |
||
| 999 |
_c74717 _d74717 |
||